00774cam a2200241 a 4500001000500000005001700005020001600022020001800038040002300056050002100079082001000100100002400110245007000134250003300204260003900237300004700276490001600323505000800339520011700347521002000464521002000484650002800504381920251212135512.0 a0789492628  a9780789492623 aDLCcDLCdDLCbeng00aPN6728.H8b 200300a741.51 aTeitelbaum, Michael14aThe story of the Incredible Hulk /cwritten by Michael Teitelbaum aFirst American Edtion , 2003 aNew York :bDK Publishing ; c2003 a48 pages : bcolor illustrations ;c23 cm. aDK Readers 0 aG  aDescribes the comic book character called the Incredible Hulk, created by writer Stan Lee and artist Jack Kirby. a340 bLexile  aG bRaz-Plus  aHulkvJuvenile Fiction